| 000 | 01448nam a2200253Ia 4500 | ||
|---|---|---|---|
| 001 | 10298 | ||
| 003 | GE_BSU | ||
| 008 | 181216s||||||||xx |||||||||||||| ||und|| | ||
| 020 | _a99940-833-9-2 | ||
| 040 | _cGE_BSU | ||
| 080 | _a821.353.1–32 | ||
| 100 | _aტურაშვილი, დათო | ||
| 245 | _aაჩიბაბა და ორმოცი ყოჩაღი | ||
| 245 | _cრედ. თამარ ებრალიძე ; მხატვ. რევაზ ებრალიძე | ||
| 260 | _aთბილისი | ||
| 260 | _bლიტერა | ||
| 260 | _c2005 | ||
| 300 | _a223 გვ. ; 19 სმ | ||
| 541 | _h6ლ.20თ. | ||
| 653 | _aაჩიბაბა და ორმოცი ყოჩაღი | ||
| 653 | _aკერუაკის გზა; ჩემი ირლანდიელი პაპა; ვიღაც ძალიან, ძალიან ლამაზი გოგო; დონ პეპე; აჩიბაბა და ორმოცი ყოჩაღი | ||
| 653 | _aტატაშ მარშანი; ხვალ ჩვენს ეზოსაც გადაუფრენენ; ამ ოჯახში მტრედი ბუდეს იკეთებს; იყო ასეთი ქალაქი; ჯამაიკა; მეორედ მოსვლა; ჯგრაგი; ვესტი; ვენდი; ი.რ.ა; | ||
| 942 | _cBK | ||
| 999 |
_c43565 _d43565 |
||